Political sciences in Czechoslovakia (Record no. 15402)

000 -LEADER
fixed length control field 00356pab a2200133 454500
008 - FIXED-LENGTH DATA ELEMENTS--GENERAL INFORMATION
fixed length control field 180718b1985 xxu||||| |||| 00| 0 eng d
100 ## - MAIN ENTRY--PERSONAL NAME
Personal name Blahoz, Jasef
245 ## - TITLE STATEMENT
Title Political sciences in Czechoslovakia
260 ## - PUBLICATION, DISTRIBUTION, ETC.
Date of publication, distribution, etc. 1985
300 ## - PHYSICAL DESCRIPTION
Extent 1-8
650 ## - SUBJECT ADDED ENTRY--TOPICAL TERM
Topical term or geographic name entry element Political Science - Czechoslovakia
773 ## - HOST ITEM ENTRY
Main entry heading Indian Journal of Political Studies
909 ## -
-- 15402
Holdings
Withdrawn status Lost status Damaged status Not for loan Permanent Location Current Location Date acquired Serial Enumeration / chronology Barcode Date last seen Price effective from Koha item type
        Indian Institute of Public Administration Indian Institute of Public Administration 2018-07-19 Volume no: 9, Issue no: Ann.No AR15459 2018-07-19 2018-07-19 Articles

Powered by Koha